|
|
|
|
| LEADER |
00792nam a22002297a 4500 |
| 020 |
|
|
|a 81-7649-549-2
|
| 082 |
|
|
|a 158
|b LLO/D
|
| 100 |
|
|
|a Sam R.Lloyd,
|9 174904
|
| 245 |
|
|
|a Developing positive assertiveness
|
| 250 |
|
|
|a Ed.3
|
| 260 |
|
|
|a New delhi
|b Viva books
|c 2004
|
| 300 |
|
|
|a x+108p.
|
| 650 |
|
|
|a Assertiveness (Psychology)
|9 37865
|
| 650 |
|
|
|a Assertiveness training
|9 37865
|
| 650 |
|
|
|a Change (Psychology)
|9 174905
|
| 650 |
|
|
|a Interpersonal communication
|9 174906
|
| 650 |
|
|
|a Self-confidence
|9 174907
|
| 650 |
|
|
|a Self-reliance
|9 174908
|
| 650 |
|
|
|a Communication--Psychological aspects
|9 174909
|
| 942 |
|
|
|c BK
|
| 999 |
|
|
|c 190177
|d 190173
|
| 952 |
|
|
|0 0
|1 0
|4 0
|6 158_000000000000000_LLO_D
|7 0
|8 NFIC
|9 190761
|a SMBS
|b SMBS
|c GEN
|d 2015-08-07
|l 0
|o 158 LLO/D
|p SMBS1237
|r 2015-08-07
|w 2015-08-07
|y BK
|